Anatomical doll play of preschoolers referred for sexual abuse and those no referred (Record no. 62450)

MARC details
000 -CABECERA
campo de control de longitud fija 00573nam a2200193 a 4500
005 - FECHA Y HORA DE LA ÚLTIMA TRANSACCIÓN
campo de control 20210219152851.0
008 - ELEMENTOS DE LONGITUD FIJA--INFORMACIÓN GENERAL
campo de control de longitud fija 991125n 000 0 eng u
035 ## - NÚMERO DE CONTROL DEL SISTEMA
Número de control de sistema UPN01000064152
100 ## - ASIENTO PRINCIPAL--NOMBRE PERSONAL
Nombre de persona Cohn, Debra S.
222 ## - TÍTULO CLAVE
Título clave CHILD ABUSE AND NEGLECT :
Información calificativa THE INTERNATIONAL JOURNAL
245 ## - MENCIÓN DE TÍTULO
Título Anatomical doll play of preschoolers referred for sexual abuse and those no referred
300 ## - DESCRIPCIÓN FÍSICA
Extensión 455-466
362 ## - FECHAS DE PUBLICACIÓN Y/O DESIGNACIÓN SECUENCIAL
Fecha de publicación y/o designación secuencial 1991 15, no. 4
653 0# - TERMINO DE INDIZACION - NO CONTROLADO
Término no controlado ABUSO SEXUAL
653 0# - TERMINO DE INDIZACION - NO CONTROLADO
Término no controlado DIAGNOSTICO CLINICO
653 0# - TERMINO DE INDIZACION - NO CONTROLADO
Término no controlado NINO MALTRATADO
904 ## - ELEMENTOS DE DATOS D LOCAL, LDD (RLIN)
a AC
b 001963
905 ## - TIPO DE MATERIAL
Tipo de material Articulo

No items available.